000 00384nam a2200145Ia 4500
005 20251222141906.0
008 251222s9999||||xx |||||||||||||| ||spa||
020 _a978-9972-2762-8-6
082 _a344.014.6/C34/2007
100 _aCastillo Guzmán, Jorge
245 0 _aCompendio de Obligaciones Laborales
250 _a3a.ed.
264 _bEstudio Caballero Bustamante
942 _cLIB
999 _c8235
_d8235